Gaspar Polanco y el despojo de su rol protagónico en la Guerra Restauradora /
Se evalua la dirección política militar del Gobierno Restaurador y el papel protagónico de Gaspar Polando.
Salvato in:
| Autore principale: | |
|---|---|
| Natura: | Sconosciuto |
| Lingua: | Spanish |
| Soggetti: | |
| Tags: |
Aggiungi Tag
Nessun Tag, puoi essere il primo ad aggiungerne!!
|
MARC
| LEADER | 00000 a2200000 4500 | ||
|---|---|---|---|
| 008 | 150206s2013 r ||||| |||| 00| 0 spa d | ||
| 100 | 1 | |a Castro Ventura, Santiago | |
| 245 | 1 | 0 | |a Gaspar Polanco y el despojo de su rol protagónico en la Guerra Restauradora / |c Santiago Castro Ventura |
| 300 | |a 295-338 páginas | ||
| 520 | |a Se evalua la dirección política militar del Gobierno Restaurador y el papel protagónico de Gaspar Polando. | ||
| 600 | 1 | 0 | |a POLANDO Y BORBON, GASPARA |d 1818-1867 |
| 653 | 1 | 7 | |a GUERRA RESTAURADORA (REPUBLICA DOMINICANA) |
| 773 | 0 | |x 2310-0680 |d Santo Domingo, República Dominicana: Órgano del Instituto de Historia de la Universidad Autónoma de Santo Domingo, 1993- |t Ecos |g Volumen MCDLXII, Número 12, (2013 Enero - julio), páginas 295-338 | |
| 942 | |2 ddc |c ARC | ||
| 999 | |c 3852 |d 3852 | ||
